A question of quality : state of primary education in Bangladesh. Volume II. Achievement of competencies /

Bibliographic Details
Corporate Author: Campaign for Popular Education (Organization)
Other Authors: Nath, Samir R., Chowdhury, A. M. Raza
Format: Book
Language:English
Published: Dhaka : The University Press, 2001.
Subjects:
Classic Catalogue: View this record in Classic Catalogue
LEADER 02920nam a2200409 a 4500
001 44392
003 BD-DhAAL
005 20250424163154.0
008 090827t2001 bg ab b 001 0 eng d
020 |a 9840516264 (v. 2) 
040 |a DLC  |c DLC  |d BD-DhAAL 
082 0 0 |a 372.95492  |2 23 
245 0 2 |a A question of quality :  |b state of primary education in Bangladesh.  |n Volume II.  |p Achievement of competencies /  |c editors, Samir R. Nath and A. Mushtaque R. Chowdhury. 
246 |i At head of title:  |a Education watch 2000 
260 |a Dhaka :  |b The University Press,  |c 2001. 
300 |a xxxxii, 262 pages :  |b illustrations, map ;  |c 28 cm 
362 0 |a Vol. 2 
500 |a "Campaign for Popular Education"--V. 2, t.p. 
504 |a Includes bibliographical references (p. [121]-123) and index. 
505 1 |a v. 2. Achievement of competencies. 
541 1 |a Complimentary copy from Dr. Ahmed Mushtaque Raza Chowdhury (Former Vice Chairperson of BRAC)  |e 00011285, 44392, 44393 
650 0 |a Education, Primary  |z Bangladesh. 
650 0 |a Educational surveys  |z Bangladesh. 
650 0 |a Educational evaluation  |z Bangladesh.  |9 58143 
650 0 |a Educational tests and measurements  |z Bangladesh.  |9 58144 
700 1 |a Nath, Samir R. 
700 1 |a Chowdhury, A. M. Raza. 
710 2 |a Campaign for Popular Education (Organization) 
852 4 |a Ayesha Abed Library  |j General shelf 
942 |2 ddc  |c BK 
999 |c 3516  |d 3516 
952 |0 0  |1 0  |2 ddc  |4 0  |6 372_954920000000000_QUE  |7 0  |9 3192  |a SCL  |b SCL  |c GEN  |d 2009-09-02  |g 0.00  |l 0  |o 372.95492 QUE  |p 3010011285  |r 2009-09-02  |t 1  |w 2009-09-02  |y BK  |x No price found in the accession register. 
952 |0 0  |1 0  |2 ddc  |4 0  |6 372_954920000000000_QUE_2001  |7 0  |9 4011  |a BRACUL  |b BRACUL  |c GEN  |d 2009-10-10  |g 750.00  |l 1  |m 2  |o 372.95492 QUE  |p 3010015390  |r 2012-01-12  |s 2011-12-20  |t 3  |v 1500.00  |w 2009-10-10  |y BK 
952 |0 0  |1 0  |2 ddc  |4 0  |6 372_954920000000000_QUE  |7 0  |9 9672  |a SCL  |b SCL  |c GEN  |d 2010-05-03  |l 0  |o 372.95492 QUE  |p 3010011286  |r 2010-05-03  |t 2  |w 2010-05-03  |y BK  |x Transferred from BRACUL to SCL on 08/08/22 
952 |0 0  |1 0  |2 ddc  |4 0  |6 372_954920000000000_QUE  |7 0  |9 20782  |a JPGSPH  |b JPGSPH  |c GEN  |d 2012-07-22  |l 0  |o 372.95492 QUE  |p 3060025675  |r 2012-07-22  |t 4  |w 2012-07-22  |y BK 
952 |0 0  |1 0  |2 ddc  |4 0  |6 372_954920000000000_QUE  |7 1  |9 77638  |a BRACUL  |b BRACUL  |c AMRC  |d 2009-10-10  |e Complimentary copy from Dr. Ahmed Mushtaque Raza Chowdhury (Former Vice Chairperson of BRAC)  |g 750.00  |l 0  |o 372.95492 QUE  |p 3010044392  |r 2025-04-23  |t 6  |w 2025-04-23  |y BK  |x Complimentary copy received from Dr. Ahmed Mushtaque Raza Chowdhury (Former Vice Chairperson of BRAC) on 17 April 2025  
952 |0 0  |1 0  |2 ddc  |4 0  |6 372_954920000000000_QUE  |7 1  |9 77639  |a BRACUL  |b BRACUL  |c AMRC  |d 2009-10-10  |e Complimentary copy from Dr. Ahmed Mushtaque Raza Chowdhury (Former Vice Chairperson of BRAC)  |g 750.00  |l 0  |o 372.95492 QUE  |p 3010044391  |r 2025-04-23  |t 5  |w 2025-04-23  |y BK  |x Complimentary copy received from Dr. Ahmed Mushtaque Raza Chowdhury (Former Vice Chairperson of BRAC) on 17 April 2025